[Event "Challenge"]
[Site "http://www.queenalice.com/game.php?id=122449"]
[Date "2006.10.27"]
[Round "-"]
[White "Gil"]
[Black "Alan"]
[Result "1-0"]
[WhiteElo "1902"]
[BlackElo "1849"]

1. d4 d5 2. c4 e6 3. Nc3 Nf6 4. Bg5 Nbd7 5. e3 Bb4 6. Qc2 h6 7. Bh4 c6 8. a3 Ba5
9. b4 Bc7 10. Be2 Qe7 11. Nf3 b6 12. cxd5 exd5 13. O-O Qe6 14. Bxf6 Nxf6 15.
Rfe1 Bd7 16. Bd1 O-O 17. Qd3 Rfe8 18. Ba4 Ne4 19. Rec1 b5 20. Bb3 Rac8 21. a4 a6
22. axb5 axb5 23. Nxe4 Qxe4 24. Qxe4 Rxe4 25. Ra7 Be6 26. Bc2 f5 27. Bxe4 fxe4
28. Ne5 Bxe5 29. dxe5 Kh7 30. Ra6 Kg8 31. Rcxc6 Rxc6 32. Rxc6 Kf7 33. Rc5 Bd7
34. Rxd5 Ke6 35. Rd6+ Ke7 36. Rb6 h5 37. h4 Kf7 38. Kh2 Bc6 39. Rxc6 1-0

[Event "Challenge"]
[Site "http://www.queenalice.com/game.php?id=123113"]
[Date "2006.10.29"]
[Round "-"]
[White "wishyouwherehere"]
[Black "Alan"]
[Result "1-0"]
[WhiteElo "1820"]
[BlackElo "1862"]

1. e4 e5 2. Nf3 d6 3. d4 exd4 4. Nxd4 Nf6 5. Nc3 Be7 6. f3 O-O 7. Bf4 c5 8. Ndb5
Ne8 9. Nd5 Qa5+ 10. Qd2 Qxd2+ 11. Kxd2 Bd8 12. Nxd6 Nxd6 13. Bxd6 Re8 14. Bxc5
b6 15. Bd6 Bb7 16. Rd1 Re6 17. Bf4 Nd7 18. Kc1 Rc8 19. g3 Bxd5 20. exd5 Re7 21.
d6 Re6 22. Bh3 Re2 23. c3 Bf6 24. Bxd7 Rc5 25. Rhe1 Rxe1 26. Rxe1 h6 27. h4 a6
28. Kc2 b5 29. Re8+ Kh7 30. Rc8 Rxc8 31. Bxc8 g5 32. hxg5 hxg5 33. Be3 Bd8 34.
Bxa6 1-0

[Event "Challenge"]
[Site "http://www.queenalice.com/game.php?id=123114"]
[Date "2006.10.29"]
[Round "-"]
[White "rxyzw"]
[Black "Alan"]
[Result "1-0"]
[WhiteElo "1633"]
[BlackElo "1847"]

1. e4 e5 2. Nf3 d6 3. Nc3 Nf6 4. Bc4 Be7 5. O-O O-O 6. Bb3 Nc6 7. h3 a6 8. d4
exd4 9. Nxd4 Ne5 10. f4 Ng6 11. Be3 c5 12. Nf3 Qc7 13. a4 b6 14. Qd3 Rd8 15. Ng5
Nh8 16. e5 Nh5 17. Qxh7+ 1-0

[Event "Challenge"]
[Site "http://www.queenalice.com/game.php?id=123115"]
[Date "2006.10.29"]
[Round "-"]
[White "Alan"]
[Black "Luceafarul"]
[Result "0-1"]
[WhiteElo "1847"]
[BlackElo "1717"]

1. e4 e6 2. d4 d5 3. Nc3 Bb4 4. e5 Ne7 5. Bg5 c5 6. dxc5 Qa5 7. Ne2 Nbc6 8. Bxe7
Nxe7 9. a3 Bxc3+ 10. Nxc3 Qxc5 11. Bd3 d4 12. Ne4 Qxe5 13. O-O O-O 14. Re1 Nc6
15. Qh5 Qxh5 0-1

[Event "Challenge"]
[Site "http://www.queenalice.com/game.php?id=123794"]
[Date "2006.10.31"]
[Round "-"]
[White "me"]
[Black "Alan"]
[Result "1-0"]
[WhiteElo "1781"]
[BlackElo "1882"]

1. d4 d5 2. c4 e6 3. Nc3 Nf6 4. Bg5 Be7 5. Bxf6 Bxf6 6. cxd5 exd5 7. Nf3 O-O 8.
g3 Nc6 9. e3 Bf5 10. Bg2 Qd7 11. O-O Bg4 12. Qb3 Ne7 13. Rfe1 c6 14. Rab1 Rab8
15. e4 Bxf3 16. Bxf3 Bxd4 17. exd5 c5 18. Nb5 a6 19. Nxd4 cxd4 20. Rbd1 Ng6 21.
Rxd4 Rfe8 22. Rxe8+ Rxe8 23. Re4 Rxe4 24. Bxe4 Ne5 25. d6 b5 26. Qd5 Ng6 27. Qc6
Qxc6 28. Bxc6 Ne5 29. Bb7 a5 30. f4 Nd7 31. Bc6 Nb8 32. Bxb5 Kf8 33. a3 f6 34.
f5 Kf7 35. b4 axb4 36. axb4 h5 37. h3 Kf8 38. Ba4 Na6 39. b5 Nb8 40. b6 Kf7 41.
Kf2 Kf8 42. Ke3 Kf7 43. Kd4 Kf8 44. b7 1-0

[Event "Challenge"]
[Site "http://www.queenalice.com/game.php?id=125827"]
[Date "2006.11.6"]
[Round "-"]
[White "kokkieschaak"]
[Black "Alan"]
[Result "1-0"]
[WhiteElo "1781"]
[BlackElo "1904"]

1. d4 d5 2. c4 e6 3. Nc3 Nf6 4. e3 Be7 5. Nf3 O-O 6. Bd3 Nc6 7. Qc2 h6 8. O-O a6
9. Rd1 b6 10. Ne5 Bb7 11. Nxd5 exd5 12. cxd5 Nxd5 13. Nxc6 Bxc6 14. Qxc6 Nb4 15.
Qe4 Nxd3 16. Qxd3 Qd6 17. b3 Rfd8 18. Bb2 Qf6 19. Qe2 Qe6 20. Rac1 Bd6 21. d5
Qg6 22. e4 f6 23. Rc6 Re8 24. f3 a5 25. Rf1 Qh5 26. g3 a4 27. Rc2 axb3 28. axb3
Re7 29. Ra1 Rae8 30. Ba3 Bxa3 31. Rxa3 Qe5 32. Qc4 Kh8 33. Re2 f5 34. f4 Qd6 35.
Rea2 fxe4 36. Ra8 e3 37. Rxe8+ Rxe8 38. Kf1 h5 39. Ke2 Qd7 40. Qc6 Qg4+ 41. Ke1
Re7 42. Qc2 Qc8 43. Qg6 Qe8 44. f5 Qxg6 45. fxg6 Re8 46. Ra7 Rc8 47. Ke2 Kg8 48.
Kxe3 Kf8 49. Kf4 Ke7 50. Ke5 Kd7 51. d6 Kc6 52. Rxc7+ 1-0

[Event "Challenge"]
[Site "http://www.queenalice.com/game.php?id=134902"]
[Date "2006.11.29"]
[Round "-"]
[White "Alan"]
[Black "Thepot"]
[Result "0-1"]
[WhiteElo "1872"]
[BlackElo "1983"]

1. e4 e6 2. d4 d5 3. e5 c5 4. c3 Nc6 5. Nf3 Bd7 6. Be2 Nh6 7. Bxh6 gxh6 8. Nbd2
f6 9. O-O Rg8 10. Qc2 fxe5 11. Qxh7 Rg7 12. Qc2 cxd4 13. cxd4 e4 14. Ne5 Qg5 15.
g3 Nxd4 16. Qd1 Nxe2+ 17. Qxe2 Qxe5 18. b3 h5 19. Rac1 Bd6 20. Rfe1 h4 21. Qe3
Ke7 22. Kg2 Rag8 23. Nf1 Bb5 24. Qh6 Bxf1+ 25. Kxf1 hxg3 26. Qh4+ Kd7 27. hxg3
Rxg3 0-1

[Event "AUTO-OPEN-361"]
[Site "http://www.queenalice.com/game.php?id=136009"]
[Date "2006.12.1"]
[Round "2"]
[White "Alan"]
[Black "Alexsandro"]
[Result "0-1"]
[WhiteElo "1877"]
[BlackElo "2154"]

1. e4 c5 2. Nf3 d6 3. Bc4 Nf6 4. d3 Nc6 5. Be3 e6 6. O-O Be7 7. Nc3 d5 8. exd5
exd5 9. Bb5 d4 10. Ne5 Bd7 11. Bxc6 Bxc6 12. Nxc6 bxc6 13. Bh6 gxh6 14. Ne2 O-O
15. Nf4 Qb8 16. Qf3 Qxb2 17. Rfb1 Qxc2 18. Rb7 Qc3 19. Rab1 Rae8 20. Ne2 Qd2 21.
h4 Qxa2 22. Ng3 Bd8 23. Nf5 h5 24. Qxc6 Re5 25. Qd7 Nxd7 0-1

[Event "AUTO-OPEN-361"]
[Site "http://www.queenalice.com/game.php?id=136010"]
[Date "2006.12.1"]
[Round "2"]
[White "Alexsandro"]
[Black "Alan"]
[Result "1-0"]
[WhiteElo "2150"]
[BlackElo "1882"]

1. e4 e5 2. Nf3 d6 3. d4 exd4 4. Nxd4 Nf6 5. Nc3 Be7 6. Be2 O-O 7. O-O c5 8. Nb3
Nc6 9. Bf4 Be6 10. Qd2 a6 11. Rfd1 Bxb3 12. axb3 Nd4 13. f3 Re8 14. Bc4 b5 15.
Bd5 Rb8 16. b4 Rb6 17. Ba2 Qc7 18. bxc5 Nxf3+ 19. gxf3 Rc6 20. cxd6 Bxd6 21.
Bxd6 Qb6+ 22. Kh1 Rd8 23. e5 Nh5 24. Bxf7+ 1-0

[Event "AUTO-OPEN-361"]
[Site "http://www.queenalice.com/game.php?id=136011"]
[Date "2006.12.1"]
[Round "2"]
[White "Alan"]
[Black "witkapje"]
[Result "1-0"]
[WhiteElo "1889"]
[BlackElo "1862"]

1. e4 e5 2. f4 exf4 3. Nf3 g5 4. Bc4 g4 5. Ne5 Qh4+ 6. Kf1 Nh6 7. d4 f3 8. g3
Qh3+ 9. Ke1 Qg2 10. Rf1 Qxh2 11. Bf4 d6 12. Nd3 Nc6 13. Nf2 Qh5 14. Nc3 Bd7 15.
Qd2 Ng8 16. Nd5 O-O-O 17. b4 1-0

[Event "AUTO-OPEN-361"]
[Site "http://www.queenalice.com/game.php?id=136012"]
[Date "2006.12.1"]
[Round "2"]
[White "witkapje"]
[Black "Alan"]
[Result "0-1"]
[WhiteElo "1890"]
[BlackElo "1872"]

1. e4 e5 2. Nf3 d6 3. d4 exd4 4. Nxd4 Nf6 5. Nc3 Be7 6. Bf4 O-O 7. Be2 c5 8.
Ndb5 Ne8 9. Nd5 a6 10. Nxe7+ Qxe7 11. Nxd6 Qh4 12. Bg3 Qd8 13. Nc4 Qxd1+ 14.
Rxd1 Be6 15. Nb6 Ra7 16. Bxb8 Nf6 17. Bxa7 Nxe4 0-1

[Event "Challenge"]
[Site "http://www.queenalice.com/game.php?id=321436"]
[Date "2007.12.17"]
[Round "-"]
[White "dequeue"]
[Black "Alan"]
[Result "1-0"]
[WhiteElo "1543"]
[BlackElo "1895"]

1. b3 e5 2. Bb2 Nc6 3. e3 d5 4. Bb5 Bd6 5. f4 e4 6. Bxg7 h5 7. Bxh8 Bg4 8. Be2
Bf5 9. Bb2 h4 10. g4 Bd7 11. g5 Qe7 12. Bh5 O-O-O 13. Ne2 h3 14. Nd4 Rf8 15. Bg4
Kb8 16. Nxc6+ bxc6 17. Nc3 Be6 18. Na4 Qd7 19. Rg1 c5 20. Qe2 c6 21. O-O-O Ne7
22. Be5 Ka8 23. Qa6 Bxg4 24. Nb6+ 1-0

[Event "Challenge"]
[Site "http://www.queenalice.com/game.php?id=323244"]
[Date "2007.12.20"]
[Round "-"]
[White "Alan"]
[Black "AmandaMello"]
[Result "0-1"]
[WhiteElo "1859"]
[BlackElo "1820"]

1. e4 c5 2. Nf3 d6 3. Bc4 Nf6 4. d3 a6 5. Nc3 b5 6. Bb3 Bb7 7. O-O e6 8. Bg5 Be7
9. Qd2 O-O 10. Rfe1 Nbd7 11. a3 Rc8 12. Qe2 Qc7 13. h3 Rfe8 14. Rad1 Ne5 15.
Nxe5 dxe5 16. Bxf6 Bxf6 17. Qg4 Red8 18. Re3 b4 19. axb4 cxb4 20. Ne2 a5 21. Bc4
Qe7 22. Ng3 Bg5 23. Ree1 a4 24. Nh5 g6 25. Ng3 a3 26. bxa3 bxa3 27. Rb1 Bd2 28.
Re2 Bc3 29. h4 Rxc4 30. dxc4 a2 31. Rc1 a1=Q 32. Rxa1 Bxa1 33. Re1 Bd4 34. h5
Qf6 35. Re2 Ba6 36. hxg6 hxg6 37. Nh5 Qh8 38. Qg5 Rb8 39. g4 Bxc4 40. Rd2 Kf8
41. c3 gxh5 42. Rxd4 Rb1+ 43. Kg2 Bf1+ 44. Kg3 exd4 45. Qd8+ Kg7 46. Qg5+ Kh7
0-1

[Event "Challenge"]
[Site "http://www.queenalice.com/game.php?id=323245"]
[Date "2007.12.20"]
[Round "-"]
[White "Alan"]
[Black "Martino"]
[Result "0-1"]
[WhiteElo "1895"]
[BlackElo "2113"]

1. e4 c5 2. Nf3 d6 3. Bc4 Nf6 4. O-O e6 5. d3 Be7 6. Nc3 a6 7. a4 O-O 8. Bg5 Nc6
9. Qd2 b6 10. Rfe1 Qc7 11. Qf4 Bb7 12. Qh4 h6 13. Bxf6 Bxf6 14. Qg4 Nb4 15. Rac1
Bc6 16. Bb3 b5 17. axb5 axb5 18. Ra1 Bd7 19. Qg3 c4 20. dxc4 bxc4 21. Ba4 Bxc3
22. bxc3 Rxa4 23. cxb4 Rxb4 24. c3 Rb2 25. Nd4 Rfb8 26. Qe3 Qc5 27. h3 Bc6 28.
Qg3 Rd2 29. Ra7 Rxd4 30. cxd4 Qxa7 31. Qxd6 Rc8 32. d5 Qd7 33. Qb4 exd5 34. exd5
Qxd5 35. f3 Bd7 36. Qc3 Qd3 37. Qb4 c3 0-1

[Event "Challenge"]
[Site "http://www.queenalice.com/game.php?id=323246"]
[Date "2007.12.20"]
[Round "-"]
[White "berbu1084"]
[Black "Alan"]
[Result "0-1"]
[WhiteElo "1875"]
[BlackElo "1865"]

1. e4 e5 2. Nf3 d6 3. h3 Nf6 4. Nc3 Be7 5. Be2 O-O 6. d3 Nc6 7. O-O Be6 8. Be3
Qd7 9. a3 h6 10. Re1 a6 0-1

[Event "Challenge"]
[Site "http://www.queenalice.com/game.php?id=326938"]
[Date "2007.12.28"]
[Round "-"]
[White "koutouzov"]
[Black "Alan"]
[Result "0-1"]
[WhiteElo "1789"]
[BlackElo "1883"]

1. e4 e5 2. f4 exf4 3. d4 Be7 4. Bxf4 Nf6 5. Qd3 d5 6. e5 Ne4 7. Nd2 Nxd2 8.
Qxd2 Nc6 9. Bb5 O-O 10. O-O-O Bf5 11. Bxc6 bxc6 12. Nf3 Qc8 13. h3 Qa6 14. Kb1
Rab8 15. Qc3 Bb4 16. Qe3 Qc4 17. Qb3 Qa6 18. g4 Be4 19. Rhe1 Bxe1 0-1

[Event "Challenge"]
[Site "http://www.queenalice.com/game.php?id=327468"]
[Date "2007.12.29"]
[Round "-"]
[White "Kleber_Willian"]
[Black "Alan"]
[Result "1-0"]
[WhiteElo "1723"]
[BlackElo "1881"]

1. e4 e5 2. Nf3 d6 3. Nc3 Nf6 4. d4 exd4 5. Nxd4 c5 6. Bb5+ Bd7 7. Bxd7+ Qxd7 8.
Ndb5 Nc6 9. Bf4 Rd8 10. Bg5 Be7 11. Qd2 Qg4 12. f3 Qd7 13. O-O-O a6 14. Bxf6
gxf6 15. Na3 Nb4 16. Nc4 b5 17. Nb6 Qc6 18. Nbd5 Nxd5 19. Nxd5 Rg8 20. g3 Rg6
21. Qf4 Rd7 22. Rd2 Kd8 23. Rhd1 Bf8 24. Nxf6 Bh6 25. Qf5 Bxd2+ 26. Rxd2 Re7 27.
Nxh7 Kc7 28. Ng5 Rg7 29. Qf6 1-0